000 01891nam0a2200361 4500
001 RU\NLR\bibl\1874723
005 20260406024546.0
010 _a978-5-91556-010-8
_9300
021 _aRU
_b2012-8340
_9616
035 _a(nilc)RSL-KNO-005392370
035 _a(NLR Aleph) 002067718
090 _a4722620
_c4722620
100 _a20120220d2009 |||y0rusy50 ca
101 0 _arus
102 _aRU
105 _aa |||||||||
200 1 _aКомплексное исследование качества современной профессиональной подготовки студентов экономических специальностей высшего профессионального образования
_e(на примере Алтайского края)
_eмонография
_fС. Г. Гусев, С. В. Шлегель
_gАлт. гос. ун-т, Науч.-исслед. лаб. знаниеведения, Рос. филос. о-во РАН, Филос. о-во Алтая, Сиб. ин-т знаниеведения
210 _aБарнаул
_cАлтайский государственный университет
_d2009
215 _a222 с.
_cил.
_d21
300 _aНа обл. авт. не указаны
320 _aБиблиогр.: с. 199-222 (275 назв.)
606 1 _aВысшее экономическое образование
_xКачество
_92548049
_3RU\NLR\auth\661507972
686 _aУ.р(2)3-3
_2rubbk
686 _aЧ489.312.8
700 1 _4070
_7ca
_8rus
_aГусев
_bС. Г.
_cпедагог, экономика
_9109072
_3RU\NLR\AUTH\77126148
701 1 _aШлегель
_bС. В.
_gСветлана Владимировна
_4070
801 0 _aRU
_bRuMoRKP
_c20120220
_grcr
801 1 _aRU
_bРГБ
_c20120220
801 2 _aRU
_bNLR
_c20120227
_grcr
942 _cBOOK
980 _aNB